000 00778nam a2200253Ia 4500
003 OSt
005 20220923224254.0
006 a|||||r|||| 00| 0
007 ta
008 220922b |||||||| |||| 00| 0 hin d
024 _a230,167
037 _cTextual
040 _aARTS
_cARTS
_bhin
041 _2hin
_ahin
082 _aO142,3M68,1, 152P6
100 _aगोर्की, मक्सिम
245 0 _aमॉं
246 _aMaॉan
260 _aनयी दिल्ली
_b प्रकाशन संस्थान
_c2006
300 _a358पृ.
_ccm.
650 _aहिन्दी साहित्य
_9156264
942 _hO142,3M68,1, 152P6
_cTEXL
_2CC
999 _c370288
_d370288